[Event "Miedzynarodowy Turniej Szachowy w Kowale"]
[Site "UKS Orlik Kowalewo Pomorskie"]
[Date "2008.07.10"]
[Round "9.5"]
[White "Nguyen, Piotr"]
[Black "Zurkowski, Andrzej"]
[Result "1/2-1/2"]
[WhiteElo "2329"]
[BlackElo "2062"]
[PlyCount "93"]
[EventDate "2008.??.??"]

1. e4 c5 2. Nf3 e6 3. c3 Nf6 4. e5 Nd5 5. d4 cxd4 6. cxd4 Nc6 7. Nc3 Nxc3 8.
bxc3 d6 9. exd6 Bxd6 10. Bd3 e5 11. O-O O-O 12. dxe5 Nxe5 13. Nxe5 Bxe5 14.
Bxh7+ Kxh7 15. Qh5+ Kg8 16. Qxe5 Re8 17. Qg3 Bf5 18. Be3 Re6 19. Rad1 Qe7 20.
Qf4 Be4 21. Rfe1 Bc6 22. f3 Re8 23. Bf2 Rxe1+ 24. Rxe1 Qd7 25. Rxe8+ Qxe8 26.
h4 a6 27. Bd4 f6 28. Kh2 Kh7 29. Kh3 Qe6+ 30. Kh2 Qf7 31. Qg4 Qg6 32. Kg3 Qxg4+
33. Kxg4 Kg8 34. Kf4 Kf7 35. Bc5 Bd5 36. Ke3 Bc6 37. g4 Bd7 38. Kf4 Bc6 39. Kg3
Bd7 40. f4 f5 41. g5 Kg6 42. Bd4 Bc6 43. Be5 Kh7 44. h5 g6 45. Kh4 Be4 46. a4
Bc6 47. a5 1/2-1/2

[Event "Miedzynarodowy Turniej Szachowy w Kowale"]
[Site "UKS Orlik Kowalewo Pomorskie"]
[Date "2008.07.10"]
[Round "9.6"]
[White "Walkusz, Witoslaw"]
[Black "Kubicki, Marek"]
[Result "1/2-1/2"]
[WhiteElo "2151"]
[BlackElo "2154"]
[PlyCount "109"]
[EventDate "2008.??.??"]

1. e4 c6 2. d3 d5 3. Nd2 e5 4. Ngf3 Bd6 5. d4 exd4 6. exd5 cxd5 7. Bb5+ Nc6 8.
Nxd4 Nge7 9. O-O O-O 10. N2f3 Bg4 11. Be2 h6 12. h3 Bh5 13. c3 Rc8 14. Re1 Bb8
15. Be3 a6 16. Nh4 Bxe2 17. Qxe2 Qd6 18. g3 Qd7 19. Kh2 g5 20. Ng2 Ng6 21. Rad1
Nce5 22. f4 gxf4 23. Bxf4 Nxf4 24. Nxf4 Ng6 25. Nh5 f5 26. Qe6+ Qf7 27. Nf6+
Kh8 28. Qxf7 Rxf7 29. Nxd5 f4 30. gxf4 Nxf4 31. Nxf4 Rxf4 32. Kh1 Rg8 33. Rd3
Rf2 34. Nf3 Rxb2 35. Rd2 Rxd2 36. Nxd2 Bf4 37. Ne4 Re8 38. Kg2 Rg8+ 39. Kf3 Be5
40. Rd1 Rf8+ 41. Ke3 Rf7 42. Rd5 Re7 43. Kd3 Kh7 44. Nc5 Bh2 45. Rd7 Rxd7+ 46.
Nxd7 Bg1 47. Kc4 Kg6 48. Nc5 b6 49. Nxa6 Kh5 50. Kb5 Kh4 51. Nb4 Kxh3 52. Nd5
Kg4 53. a4 h5 54. Nf6+ Kg5 55. Nxh5 1/2-1/2

[Event "Miedzynarodowy Turniej Szachowy w Kowale"]
[Site "UKS Orlik Kowalewo Pomorskie"]
[Date "2008.07.10"]
[Round "9.7"]
[White "Sosnowski, Daniel"]
[Black "Krasiewicz, Robert"]
[Result "0-1"]
[WhiteElo "1959"]
[BlackElo "2136"]
[PlyCount "70"]
[EventDate "2008.??.??"]

1. e4 e6 2. c4 d5 3. exd5 exd5 4. d4 Bb4+ 5. Nc3 Qe7+ 6. Be3 Nf6 7. Be2 O-O 8.
a3 Bxc3+ 9. bxc3 dxc4 10. Nf3 Nd5 11. Qd2 b5 12. O-O Re8 13. Ne5 f6 14. Bf3 Be6
15. Bxd5 Bxd5 16. Nf3 Nd7 17. Bf4 Nb6 18. Rfe1 Qd7 19. Rxe8+ Rxe8 20. Re1 Bxf3
21. Rxe8+ Qxe8 22. gxf3 Nd5 23. Bg3 a5 24. Kf1 c6 25. Qc2 Qg6 26. Qe2 Qd3 27.
Qxd3 cxd3 28. Ke1 Nxc3 29. Bd6 Ne2 30. d5 cxd5 31. Kd2 Ng1 32. Kxd3 Nxf3 33.
Ke3 Ng5 34. f4 Ne4 35. Bc7 b4 0-1

[Event "Miedzynarodowy Turniej Szachowy w Kowale"]
[Site "UKS Orlik Kowalewo Pomorskie"]
[Date "2008.07.10"]
[Round "9.9"]
[White "Marchlewicz, Kamil"]
[Black "Tarkowski, Michal"]
[Result "1/2-1/2"]
[WhiteElo "2045"]
[BlackElo "2073"]
[PlyCount "22"]
[EventDate "2008.??.??"]

1. c4 f5 2. Nc3 Nf6 3. g3 g6 4. Bg2 Bg7 5. e3 O-O 6. Nge2 e5 7. d4 d6 8. dxe5
dxe5 9. O-O c6 10. b3 Be6 11. Bb2 Nbd7 1/2-1/2

[Event "Miedzynarodowy Turniej Szachowy w Kowale"]
[Site "UKS Orlik Kowalewo Pomorskie"]
[Date "2008.07.10"]
[Round "9.10"]
[White "Klugiewicz, Jozef"]
[Black "Krzywkowski, Marcin"]
[Result "1-0"]
[WhiteElo "1999"]
[BlackElo "1909"]
[PlyCount "73"]
[EventDate "2008.??.??"]

1. Nf3 d5 2. c4 c6 3. b3 Bg4 4. e3 e5 5. Be2 Bd6 6. cxd5 cxd5 7. Bb2 Nd7 8. O-O
f5 9. h3 Bh5 10. Nc3 Ngf6 11. Nb5 Bb8 12. Ba3 Nb6 13. Ng5 Bxe2 14. Qxe2 a6 15.
Nc3 h6 16. f4 hxg5 17. fxg5 Nh5 18. Rxf5 Ng3 19. Qf3 Nxf5 20. Qxf5 Bd6 21. Rf1
Qd7 22. Qg6+ Kd8 23. Bxd6 Re8 24. Rf7 Qc6 25. Rxg7 Nd7 26. Rg8 Nb6 27. Qf6+ Kc8
28. Qe6+ Kd8 29. Be7+ Kc7 30. Qxe5+ Kc8 31. Qf5+ Kb8 32. Rxe8+ Qxe8 33. Bd6+
Ka7 34. Bc5 Rc8 35. Qxd5 Rd8 36. Qf5 Rc8 37. Na4 1-0

[Event "Miedzynarodowy Turniej Szachowy w Kowale"]
[Site "UKS Orlik Kowalewo Pomorskie"]
[Date "2008.07.10"]
[Round "9.11"]
[White "Kuchnio, Przemyslaw"]
[Black "Plichta, Kamil"]
[Result "0-1"]
[WhiteElo "2091"]
[BlackElo "2014"]
[PlyCount "36"]
[EventDate "2008.??.??"]

1. c4 Nf6 2. Nc3 g6 3. g3 Bg7 4. Bg2 O-O 5. Nf3 d6 6. O-O Nc6 7. d4 Bf5 8. d5
Na5 9. Nd2 c6 10. e4 Bg4 11. f3 Bd7 12. Qe2 cxd5 13. exd5 Rc8 14. Rb1 Bf5 15.
Nce4 b5 16. cxb5 Nxd5 17. g4 Nf4 18. Qe3 Bd4 0-1

[Event "Miedzynarodowy Turniej Szachowy w Kowale"]
[Site "UKS Orlik Kowalewo Pomorskie"]
[Date "2008.07.10"]
[Round "9.12"]
[White "Flazinski, Jozef"]
[Black "Sankiewicz, Grzegorz"]
[Result "1-0"]
[WhiteElo "2036"]
[BlackElo "2002"]
[PlyCount "45"]
[EventDate "2008.??.??"]

1. e4 c5 2. Nf3 d6 3. c3 Nf6 4. Bc4 e6 5. d3 Nbd7 6. Bg5 Be7 7. Nbd2 a6 8. O-O
b5 9. Bb3 Bb7 10. Re1 Qc7 11. d4 c4 12. Bc2 h6 13. Bh4 e5 14. b3 cxb3 15. Bxb3
Nb6 16. Rc1 Rc8 17. c4 Qb8 18. dxe5 dxe5 19. Bg3 Nfd7 20. cxb5 axb5 21. Qe2 b4
22. Nxe5 Nxe5 23. Qh5 1-0

[Event "Miedzynarodowy Turniej Szachowy w Kowale"]
[Site "UKS Orlik Kowalewo Pomorskie"]
[Date "2008.07.10"]
[Round "9.13"]
[White "Kobus, Maciej"]
[Black "Zebracki, Jaroslaw"]
[Result "0-1"]
[WhiteElo "2004"]
[BlackElo "1906"]
[PlyCount "66"]
[EventDate "2008.??.??"]

1. e4 e6 2. d4 d5 3. Nc3 Nf6 4. Bg5 Bb4 5. e5 h6 6. Bd2 Bxc3 7. bxc3 Ne4 8. Bd3
Nxd2 9. Qxd2 c5 10. f4 Nc6 11. Nf3 Qa5 12. Rb1 c4 13. Be2 Qxa2 14. O-O Qa5 15.
g4 Qc7 16. Nh4 Bd7 17. f5 O-O-O 18. fxe6 Bxe6 19. Nf5 b6 20. Nxg7 Rdg8 21. Nxe6
fxe6 22. Qe3 Rg6 23. Rf2 h5 24. g5 h4 25. Kh1 Qg7 26. Rg1 Nd8 27. Qf4 Kd7 28.
Rfg2 Nf7 29. Ra1 a5 30. Rb1 Kc6 31. Bxc4 dxc4 32. Qe4+ Kc7 33. Rxb6 Kxb6 0-1